Ziemia z nieba (Rekord nr 41241)
| 000 -ETYKIETA REKORDU | |
|---|---|
| podpole kontrolne o stałej długości | 01112nmm a2200289 i 4500 |
| 001 - NUMER KONTROLNY REKORDU | |
| pole kontrolne | bg |
| 040 ## - ŹRÓDŁO KATALOGOWANIA | |
| Instytucja, która utworzyła rekord | BPK |
| 041 1# - KOD JĘZYKA | |
| Kod języka tekstu | pol |
| Kod języka oryginału | fre |
| 044 ## - KOD KRAJU WYDAWCY/PRODUCENTA | |
| Kod kraju wydawcy/producenta | FRA |
| 080 ## - UNIWERSALNA KLASYFIKACJA DZIESIĘTNA - UKD | |
| UKD | 502/504 |
| 080 ## - UNIWERSALNA KLASYFIKACJA DZIESIĘTNA - UKD | |
| UKD | (086.82) |
| 008 - POLE O STAŁEJ DŁUGOŚCI - DANE KONTROLNE | |
| podpole kontrolne o stałej długości | 110224s2010 pl d |000 0 pol |
| 245 00 - TYTUŁ/ODPOWIEDZIALNOŚĆ | |
| Tytuł | Ziemia z nieba |
| Typ dokumentu | [Film]. |
| Oznaczenie części/sekcji dzieła | Cz. 1, |
| Tytuł części/sekcji dzieła | Ziemia nie jest własnością człowieka... . |
| Oznaczenie części/sekcji dzieła | Cz. 2, |
| Tytuł części/sekcji dzieła | ...to człowiek należy do Ziemi / |
| Pozostałe elementy strefy tytułu i oznaczenia odpowiedzialności | realiz. Renauld Hetru. |
| 260 ## - STREFA ADRESU WYDAWNICZEGO | |
| Miejsce wydania | Łódź : |
| Nazwa wydawcy/dystrybutora | Wytwórnia Pomocy Dydaktycznych, |
| Data publikacji, dystrybucji/powstania dokumentu | [2010?] |
| 300 ## - STREFA OPISU FIZYCZNEGO | |
| Objętość | 1 płyta wiz. (DVD) (104 min) : |
| Inne cechy fizyczne | dźw., kolor. ; |
| Rozmiary | 12 cm. |
| 490 1# - STREFA SERII I DOKUMENTU WIELOCZĘŚCIOWEGO - FORMA NIE DO WYSZUKIWANIA | |
| Tytuł i oznaczenie odpowiedzialności serii | Wideoteka Edukacyjna ; |
| Numeracja w obrębie serii | 1040 |
| 500 ## - UWAGI OGÓLNE | |
| Tekst uwagi | Tyt. z etykiety na dysku. |
| 500 ## - UWAGI OGÓLNE | |
| Tekst uwagi | Pojemnik : 20x14x2 cm. |
| 500 ## - UWAGI OGÓLNE | |
| Tekst uwagi | Film przyrodniczy. |
| 504 ## - UWAGA DOTYCZĄCA BIBLIOGRAFII | |
| Informacje o bibliografii | Narracja w jęz. fr., lektor w jęz. pol. |
| 650 #4 - HASŁO PRZEDMIOTOWE W FORMIE NAZWY OGÓLNEJ LUB JEDNOSTKOWEJ | |
| Nazwa ogólna lub geograficzna | Ochrona środowiska |
| 650 #4 - HASŁO PRZEDMIOTOWE W FORMIE NAZWY OGÓLNEJ LUB JEDNOSTKOWEJ | |
| Nazwa ogólna lub geograficzna | Film edukacyjny |
| 700 1# - HASŁO DODATKOWE - NAZWA OSOBOWA | |
| Nazwa osobowa | Hetru, Renauld. |
| Określenie związku między hasłem a opisywanym materiałem | Realiz. |
| 830 #0 - HASŁO DODATKOWE SERII LUB DOKUMENTU WIELOCZĘŚCIOWEGO - TYTUŁ UJEDNOLICONY | |
| Tytuł ujednolicony | Wideoteka Edukacyjna ; |
| Oznaczenie tomu | 1040 |
| 856 ## - LOKALIZACJA I DOSTĘP DO ELEKTRONICZNYCH DOKUMENTÓW ZDALNYCH | |
| Link (URL) | http://koha.tu.koszalin.pl/cgi-bin/koha/opac-detail.pl?biblionumber=41241 |
| Tekst linku | Katalog online BPK |
| 942 ## - DODATKOWE ELEMENTY (KOHA) | |
| Typ dokumentu | Płyta DVD |
| Wycofany | Status egzemplarza | Uszkodzony | Dostępność | Lokalizacja stała | Lokalizacja bieżąca | Miejsce przechowywania | Sygnatura | Kod kreskowy | Dział | Typ dokumentu |
|---|---|---|---|---|---|---|---|---|---|---|
| Tylko na miejscu | Biblioteka Politechniki Koszalińskiej | Biblioteka Politechniki Koszalińskiej | Czytelnia BG | DD 1654 | 02200538 | 0/9(0.034.2) Dokumenty elektroniczne | Płyta DVD |
